|
|
|
|
| LEADER |
00000nab a2200000 a 4500 |
| 001 |
vtls009008328 |
| 003 |
SK-MaSNL |
| 005 |
20260303065515.0 |
| 008 |
070719 2007 xo w n 000 0 slo |
| 038 |
|
|
|a SLLK
|
| 040 |
|
|
|a SLLK
|b slo
|c sllk
|e AACR2
|
| 041 |
0 |
|
|a slo
|
| 044 |
|
|
|a xo
|c SK
|
| 080 |
|
|
|a 316.74
|2 1997
|
| 080 |
|
|
|a 353
|2 1997
|
| 245 |
0 |
0 |
|a O zachovaní ĽOS rozhodol jeden hlas
|c [autor] (eo)
|
| 610 |
2 |
7 |
|a Ľubovnianske osvetové stredisko (Stará Ľubovňa, Slovensko)
|2 snkbucl
|9 59334
|
| 610 |
2 |
7 |
|a Prešovský samosprávny kraj (Slovensko).
|b Zastupiteľstvo
|2 snkbucl
|9 189290
|
| 648 |
|
7 |
|a 2007
|2 snkbucl
|9 313226
|
| 650 |
0 |
7 |
|a kultúrne inštitúcie
|x zlučovanie
|2 snkbucl
|9 1065654
|
| 651 |
|
7 |
|a Stará Ľubovňa (Slovensko)
|2 snkbucl
|9 19193
|
| 651 |
|
7 |
|a Prešovský samosprávny kraj (Slovensko)
|2 snkbucl
|9 23301
|
| 773 |
0 |
|
|t Ľubovnianske noviny
|g Roč. XXXIII, č. 28 (2007), s. 1
|
| 852 |
|
|
|a SLLK
|b KIS3GCP
|
| 999 |
|
|
|c 1751472
|d 1753402
|